Unix power tools
Salvato in:
| Autore principale: | |
|---|---|
| Natura: | Libro |
| Lingua: | Undetermined |
| Pubblicazione: |
Cambridge, Massachusetts
O'reilly & Associates, Inc
1993
|
| Soggetti: | |
| Tags: |
Aggiungi Tag
Nessun Tag, puoi essere il primo ad aggiungerne! !
|
| Thư viện lưu trữ: | Trung tâm Học liệu Trường Đại học Cần Thơ |
|---|
| LEADER | 00561nam a2200181Ia 4500 | ||
|---|---|---|---|
| 001 | CTU_117672 | ||
| 008 | 210402s9999 xx 000 0 und d | ||
| 082 | |a 005.282 | ||
| 082 | |b P374 | ||
| 100 | |a Peek, Jerry | ||
| 245 | 0 | |a Unix power tools | |
| 245 | 0 | |c Jerry Peek, Mike Loukides, Tim O'Reilly | |
| 260 | |a Cambridge, Massachusetts | ||
| 260 | |b O'reilly & Associates, Inc | ||
| 260 | |c 1993 | ||
| 650 | |a Computer networks,Operating systems (computers),Unix (computer files) | ||
| 904 | |i M.Loan | ||
| 980 | |a Trung tâm Học liệu Trường Đại học Cần Thơ | ||